| 000 | 00876cab a2200241 4500 | ||
|---|---|---|---|
| 001 | WB3119-28 | ||
| 008 | 090401t1995 xxu||||| |||| 00| 0 eng d | ||
| 035 | _a(Sirsi) u70593 | ||
| 041 | _aeng | ||
| 245 | _aKiller asbestos feared at illegal tip | ||
| 260 | _c1995 | ||
| 350 | _a0 | ||
| 490 |
_aWestern Mail _v18 May 1995, 9(1) |
||
| 520 | _aRadnorshire DC has commissioned an independent consultant to test for asbestos on rubbish illegally dumped by a construction firm now in liquidation. Local residents are threatening to take legal action against the Council for failing to enforce a site clearance. | ||
| 650 | _aMANAGEMENT-HEALTH AND SAFETY-HAZARDOUS SUBSTANCES-ASBESTOS | ||
| 650 | _aENVIRONMENTAL PROTECTION ACT | ||
| 650 | _aFLY TIPPING | ||
| 650 | _aHAZARDOUS MATERIALS | ||
| 650 | _aRUBBISH | ||
| 690 | _aLAND | ||
| 942 | _n0 | ||
| 948 | _c04/03/1997 | ||
| 999 |
_c44416 _d44416 |
||